00430nam a2200169Ia 4500003000400000005001700004008004100021040000700062041000800069082002100077100002600098245003500124260004000159365001400199650003100213650001600244OSt20230525143104.0210423s2002 xx 000 0 und d cAL aeng a361.3 223bJHAS aJHA (Jainendra Kumar) aSocial welfare and social work aNew DelhibAnmol Publicationsc2002 b1800cINR aSocial Problems & Services aSocial Work